[Event "Medium KO 1400-1900"]
[Site "SchemingMind.com"]
[Date "2006.12.05"]
[Round "-"]
[White "loco61"]
[Black "toguints"]
[Result "1-0"]
[WhiteCountry "ENG"]
[BlackCountry "PHI"]
[WhiteElo "1610"]
[WhiteRD "60"]
[BlackElo "1511"]
[BlackRD "67"]
[GameID "80161"]

1. e4 c5 2. Nf3 Nc6 3. Bc4 e6 4. c3 Bd6 5. d3 Nge7 6. Bg5 Qb6 7. Qd2 O-O 8. O-O h6 9. Bh4 Na5 10. Na3 Qc7
11. Nb5 Qb6 12. Nxd6 Qxd6 13. Bg3 Qc6 14. Ne5 Nxc4 15. Nxc6 Nxd2 16. Nxe7+ Kh7 17. Rfd1 g5 18. Rxd2 Re8 19. Nxc8 Raxc8 20. f4 f6
21. Rf1 d5 22. fxg5 hxg5 23. Rxf6 Kg7 24. Be5 Kh7 25. Rf7+ Kg6 26. Rxb7 Rf8 27. Rxa7 d4 28. c4 Ra8 29. Rxa8 Rxa8 30. b3 Kh5
31. a4 Rb8 32. Bxb8 Kg6 33. a5 e5 34. g4 Kf7 35. a6 Ke7 36. a7 Kd7 37. a8=Q Ke7 38. Ra2 Kf7 39. Qb7+ Ke8 40. Ra8 Kd8
41. Bxe5#
1-0

[Event "Medium KO 1400-1900"]
[Site "SchemingMind.com"]
[Date "2006.12.04"]
[Round "-"]
[White "nwhitelaw"]
[Black "Freidenker"]
[Result "0-1"]
[WhiteCountry "GBR"]
[BlackCountry "INT"]
[WhiteElo "1309"]
[WhiteRD "65"]
[BlackElo "1676"]
[BlackRD "109"]
[GameID "80162"]

1. Nf3 Nf6 2. d4 e6 3. Bf4 b6 4. g3 Bb7 5. Bg2 c5 6. O-O cxd4 7. Qxd4 d6 8. e4 e5 9. Qa4+ Bc6 10. Qb3 exf4
11. Ng5 Qc7 12. gxf4 h6 13. e5 dxe5 14. fxe5 Nh5 15. Bxc6+ Nxc6 16. e6 hxg5 17. Qd5 f6 18. Nc3 a6 19. Na4 Nf4 20. Qe4 b5
21. Nc3 Bd6 22. a4 b4 23. Nd5 Nxd5 24. Qxd5 Bxh2+ 25. Kg2 Bd6 26. e7 Bxe7 27. Rae1 Rd8 28. Qc4 Qb7 29. Qe4 Na5 30. f3 Qxe4
31. fxe4 Bd6 32. Rf5 Be5 33. Rf3 Rd2+ 34. Rf2 Rh2+
0-1

[Event "Medium KO 1400-1900"]
[Site "SchemingMind.com"]
[Date "2006.12.04"]
[Round "-"]
[White "toguints"]
[Black "loco61"]
[Result "1/2-1/2"]
[WhiteCountry "PHI"]
[BlackCountry "ENG"]
[WhiteElo "1511"]
[WhiteRD "67"]
[BlackElo "1610"]
[BlackRD "60"]
[GameID "80163"]

1. d4 d5 2. Nf3 Nc6 3. e3 Bg4 4. Be2 Bf5 5. Bb5 a6 6. Bxc6+ bxc6 7. O-O Nf6 8. Nc3 e6 9. Ne5 Qd6 10. Re1 Be7
11. Na4 Nd7 12. Nd3 Bxd3 13. Qxd3 Nf6 14. a3 O-O 15. Bd2 Ne4 16. f3 Nxd2 17. Qxd2 Bh4 18. g3 Bxg3 19. hxg3 Qxg3+ 20. Qg2 Qxg2+
21. Kxg2 h5 22. Nc5 g5 23. Nd7 Rfd8 24. Nf6+ Kg7 25. Nxh5+ Kg6 26. Rh1 Rab8 27. b4 Rh8 28. Ng3 f5 29. Ne2 g4 30. fxg4 fxg4
31. Nf4+ Kf5 32. Kg3 Rbg8 33. Rag1 e5 34. Rh5+ Rxh5 35. Nxh5 Kg5 36. Rf1 exd4 37. Nf4 dxe3 38. Ne6+ Kh5 39. Re1 d4 40. Nxc7 Rf8
41. Ne6 Rf3+ 42. Kg2 Rf2+ 43. Kg3 Rf3+ 44. Kg2 Rf2+ 45. Kg3=
1/2-1/2

[Event "Medium KO 1400-1900"]
[Site "SchemingMind.com"]
[Date "2006.12.04"]
[Round "-"]
[White "Freidenker"]
[Black "nwhitelaw"]
[Result "1-0"]
[WhiteCountry "INT"]
[BlackCountry "GBR"]
[WhiteElo "1676"]
[WhiteRD "109"]
[BlackElo "1309"]
[BlackRD "65"]
[GameID "80164"]

1. Nf3 e6 2. c4 Bd6 3. g3 Qf6 4. Bg2 Ne7 5. O-O O-O 6. Nc3 c5 7. b3 Nf5 8. Bb2 Nh6 9. Qc2 Ng4 10. Ne4 Qe7
11. Nxd6 Qxd6 12. Rad1 b6 13. d4 Bb7 14. Ba3 e5 15. dxe5 Qh6 16. Bb2 Bxf3 17. h3 Bxg2 18. Kxg2 Ne3+ 19. fxe3 Qxe3 20. Rd5 a5
21. Bc1 Qxc1 22. Qxc1 Nc6 23. Rxd7 Nxe5 24. Rb7 Rab8 25. Rxb8 Rxb8 26. Qd2 h5 27. Rf5 f6 28. Rxh5 g6 29. Rh4 g5 30. Qd5+ Kg7
31. Re4 Nf7 32. h4 Rd8 33. Qf5
1-0

[Event "Medium KO 1400-1900"]
[Site "SchemingMind.com"]
[Date "2006.12.05"]
[Round "-"]
[White "fouche"]
[Black "willygor"]
[Result "1-0"]
[WhiteCountry "COL"]
[BlackCountry "ARG"]
[WhiteElo "1619"]
[WhiteRD "56"]
[BlackElo "1742"]
[BlackRD "72"]
[GameID "80311"]

1. d4 Nf6 2. c4 e6 3. Nc3 Bb4 4. Nf3 Bxc3+ 5. bxc3 d5 6. e3 Nbd7 7. Bd3 dxc4 8. Bxc4 O-O 9. O-O b6 10. a4 a5
11. Ba3 Re8 12. Bd3 Bb7 13. Re1 Ne4 14. Qc2 f5 15. Nd2 Ndf6 16. f3 Nd6 17. e4 e5 18. d5 f4 19. c4 Qd7 20. Reb1 g5
21. c5 Nc8 22. c6 Bxc6 23. Qxc6 Na7 24. Qxf6
1-0

[Event "Medium KO 1400-1900"]
[Site "SchemingMind.com"]
[Date "2006.12.05"]
[Round "-"]
[White "hanasdaddy"]
[Black "HURRICANEWARNING"]
[Result "1-0"]
[WhiteCountry "ISR"]
[BlackCountry "USA"]
[WhiteElo "1635"]
[WhiteRD "80"]
[BlackElo "1384"]
[BlackRD "104"]
[GameID "80312"]

1. d4 d5 2. c4 dxc4 3. Nc3 Nc6 4. Nf3 h6 5. e4 a6 6. Bxc4 Bg4 7. h3 Bxf3 8. Qxf3 Nxd4 9. Bxf7+ Kd7 10. Qg4+ e6
11. Qd1 Bc5 12. Be3 Qf6 13. b4 Bb6 14. Ne2 e5 15. Bxg8 Rhxg8 16. f4 Rgf8 17. O-O c5 18. fxe5 Qxe5 19. bxc5 Bc7 20. Qxd4+ Ke8
21. Qxe5+ Bxe5 22. Bd4 Bc7 23. Bxg7 Rg8 24. Bxh6 Rc8 25. Bf4 Ba5 26. Bd6 Rc6 27. Rf5 b6 28. cxb6 Bxb6+ 29. Kh1 Rxd6 30. Re5+ Kf7
31. Rf1+ Kg6 32. Nf4+ Kf6 33. Rd5 Rdd8 34. Nh5+ Ke7 35. Rf6 Bc7 36. Rxa6 Rb8 37. g4 Rb1+ 38. Kg2 Rb2+ 39. Kf3 Rh2 40. Nf4 Rb8
41. Re6+ Kf7 42. Rf5+ Kg8 43. Rg6+ Kh8 44. Rh5#
1-0

[Event "Medium KO 1400-1900"]
[Site "SchemingMind.com"]
[Date "2006.12.05"]
[Round "-"]
[White "willygor"]
[Black "fouche"]
[Result "1-0"]
[WhiteCountry "ARG"]
[BlackCountry "COL"]
[WhiteElo "1742"]
[WhiteRD "72"]
[BlackElo "1619"]
[BlackRD "56"]
[GameID "80313"]

1. e4 e5 2. Nf3 Nc6 3. Bc4 Nf6 4. Ng5 d5 5. exd5 Na5 6. Bb5+ c6 7. dxc6 bxc6 8. Bd3 Bd6 9. Nc3 h6 10. Nge4 O-O
11. Nxd6 Qxd6 12. O-O Bg4 13. Be2 Bxe2 14. Qxe2 Rfe8 15. d3 Rad8 16. Be3 a6 17. Bb6 Nb7 18. Bxd8 Nxd8 19. Ne4 Nxe4 20. dxe4 c5
21. Rfd1 Qb6 22. b3 Ne6 23. Rd2 a5 24. Qc4 Qb4 25. Qxb4 axb4 26. a4 Nd4 27. f3 Ra8 28. Kf2 Ra5 29. Ke3 g5 30. Kd3 h5
31. Kc4 Kg7 32. c3 bxc3 33. Kxc3 Nb5+ 34. Kc4 Nd4 35. Rxd4 exd4 36. e5 Kg6 37. Re1 Kf5 38. g3 Ke6 39. h3 Ra8 40. Kxc5 Rd8
41. Kc4 d3 42. Kc3 d2 43. Rd1 Kxe5 44. Rxd2 Rc8+ 45. Kb2 f5 46. Re2+ Kd4 47. b4 Rc3 48. Rd2+ Kc4 49. Rc2 Rxc2+ 50. Kxc2 Kxb4
51. Kd3 g4 52. hxg4 f4 53. gxh5 fxg3 54. Ke2
1-0

[Event "Medium KO 1400-1900"]
[Site "SchemingMind.com"]
[Date "2006.12.05"]
[Round "-"]
[White "HURRICANEWARNING"]
[Black "hanasdaddy"]
[Result "0-1"]
[WhiteCountry "USA"]
[BlackCountry "ISR"]
[WhiteElo "1355"]
[WhiteRD "81"]
[BlackElo "1597"]
[BlackRD "75"]
[GameID "80314"]

1. d4 d5 2. Nc3 Nf6 3. Bf4 a6 4. e3 Bf5 5. h3 e6 6. f3 Bb4 7. Qd2 O-O 8. O-O-O c5 9. g4 cxd4 10. Qxd4 Nc6
11. Qd2 Bg6 12. h4 h5 13. g5 Nh7 14. a3 Bc5 15. b4 Bb6 16. Bh3 Qe7 17. Na2 f6 18. Qc3 fxg5 19. hxg5 Rae8 20. Ne2 Nxg5
21. Rdg1 Nxh3 22. Rxh3 Kh7 23. Rhg3 Rf6 24. Bg5 Ref8 25. Bxf6 Rxf6 26. Nf4 Rxf4 27. Rxg6 Rf7 28. R1g5 d4 29. Qd3 Rf5 30. Qe4 Kh8
31. Rxf5 exf5 32. Qxf5 Qxe3+ 33. Kb2 Qe5 34. Qc8+ Kh7 35. Re6 Qd5 36. Re8 d3 37. Rh8+ Kg6 38. Qe8+ Kf6 39. Rf8+ Kg5 40. f4+ Kh4
41. Qe1+ Kh3 42. Qf1+ Kg3 43. Qe1+ Bf2 44. Qd2 Bd4+ 45. Nc3 a5 46. Qxd3+ Kh4 47. b5 Na7 48. a4 Qc5 49. Rf5 Qb4+ 50. Kc1 Qxc3
51. Qe2 Qe3+ 52. Qxe3 Bxe3+ 53. Kd1 Nc8 54. Ke2 Bc1 55. Kf3 Nb6 56. Rf7 g5 57. f5 Kh3 58. Rxb7 g4+ 59. Kf2 g3+ 60. Kf3 Nd5
61. c4 Nf6 62. b6 g2 63. Rg7 Ng4 64. Rh7 Nh2+ 65. Kf2 Be3+ 66. Kxe3 g1=Q+ 67. Kf4 Qd4+ 68. Kg5 Qxb6 69. Rxh5+ Kg3 70. f6 Qd8
71. c5 Qg8+ 72. Kf5 Qg4+
0-1

[Event "Medium KO 1400-1900"]
[Site "SchemingMind.com"]
[Date "2006.12.06"]
[Round "-"]
[White "Stephen"]
[Black "jlowrey"]
[Result "1-0"]
[WhiteCountry "ENG"]
[BlackCountry "USA"]
[WhiteElo "1802"]
[WhiteRD "94"]
[BlackElo "1643"]
[BlackRD "79"]
[GameID "80558"]

1. d4 Nf6 2. Nf3 e6 3. e3 d5 4. Bd3 c5 5. c3 Nc6 6. Nbd2 Be7 7. O-O O-O 8. Qe2 b6 9. dxc5 bxc5 10. e4 h6
11. Re1 Re8 12. e5 Nd7 13. Nf1 c4 14. Bc2 Qc7 15. Bf4 Nf8 16. Nd4 Nd8 17. Qh5
1-0

[Event "Medium KO 1400-1900"]
[Site "SchemingMind.com"]
[Date "2006.12.06"]
[Round "-"]
[White "ekulrac"]
[Black "marble"]
[Result "1/2-1/2"]
[WhiteCountry "SCO"]
[BlackCountry "ENG"]
[WhiteElo "1702"]
[WhiteRD "59"]
[BlackElo "1634"]
[BlackRD "61"]
[GameID "80561"]

1. e4 e5 2. Nf3 Nc6 3. Bb5 f5 4. d3 Nf6 5. O-O a6 6. Bxc6 bxc6 7. Nxe5 Bd6 8. exf5 Bxe5 9. Re1 d6 10. f4 O-O
11. fxe5 dxe5 12. Nc3 Bxf5 13. Be3 Ng4 14. Bc5 Re8 15. Ne4 Qd5 16. b4 a5 17. Nc3 Qd8 18. Qf3 Be6 19. h3 axb4 20. hxg4 bxc3
21. Be3 Bd5 22. Qh3 e4 23. d4 Rb8 24. Rf1 Rf8 25. Rxf8+ Qxf8 26. Rf1 Qd6 27. Bf4 Qd7 28. Be5 Be6 29. Qxc3 Bxg4 30. Qg3 Rf8
31. Rxf8+ Kxf8 32. c3 h5 33. Qf4+ Qf5 34. Kf2 g5 35. Qxf5+ Bxf5 36. a4 Ke7 37. a5 Kd8 38. Bf6+ Kc8 39. Bxg5 Kb7=
1/2-1/2

[Event "Medium KO 1400-1900"]
[Site "SchemingMind.com"]
[Date "2006.12.06"]
[Round "-"]
[White "jlowrey"]
[Black "Stephen"]
[Result "1-0"]
[WhiteCountry "USA"]
[BlackCountry "ENG"]
[WhiteElo "1662"]
[WhiteRD "76"]
[BlackElo "1787"]
[BlackRD "91"]
[GameID "80568"]

1. d4 d5 2. c4 c6 3. Nf3 Nf6 4. Nc3 dxc4 5. a4 Bf5 6. e3 e6 7. Bxc4 Bb4 8. O-O Nbd7 9. Na2 Bd6 10. Re1 O-O
11. b4 e5 12. Qb3 exd4 13. Bxf7+ Kh8 14. Nxd4 Be4 15. Bc4 Ne5 16. Ne6
1-0

[Event "Medium KO 1400-1900"]
[Site "SchemingMind.com"]
[Date "2006.12.06"]
[Round "-"]
[White "ivan"]
[Black "spoke"]
[Result "0-1"]
[WhiteCountry "CRO"]
[BlackCountry "GER"]
[WhiteElo "1548"]
[WhiteRD "68"]
[BlackElo "1720"]
[BlackRD "56"]
[GameID "80569"]

1. e4 e5 2. Nf3 Nc6 3. Bb5 Bb4 4. c3 Ba5 5. O-O Nge7 6. d4 exd4 7. cxd4 d5 8. exd5 Qxd5 9. Bxc6+ Nxc6 10. Nc3 Bxc3
11. bxc3 O-O 12. Re1 Bg4 13. Re3 Bxf3 14. Qxf3 Qxf3 15. Rxf3 Rfe8 16. Re3 f6 17. Ba3 Na5 18. Ree1 Nc4 19. Bb4 a5 20. Be7 Kf7
21. Bc5 b6 22. Bxb6 Rxe1+ 23. Rxe1 cxb6 24. g3 Re8 25. Rd1 Re2 26. a4 Rc2 27. Rd3 Nb2 28. Re3 Nxa4 29. d5 Rxc3 30. d6 Rxe3
31. fxe3 Nc5 32. Kf2 a4 33. Ke2 a3 34. Kd2 a2 35. d7 Ke7
0-1

[Event "Medium KO 1400-1900"]
[Site "SchemingMind.com"]
[Date "2006.12.06"]
[Round "-"]
[White "marble"]
[Black "ekulrac"]
[Result "0-1"]
[WhiteCountry "ENG"]
[BlackCountry "SCO"]
[WhiteElo "1634"]
[WhiteRD "61"]
[BlackElo "1702"]
[BlackRD "59"]
[GameID "80571"]

1. e4 Nc6 2. d4 e5 3. d5 Nce7 4. Nf3 Ng6 5. Nc3 Bb4 6. Bd2 Nf6 7. a3 Bxc3 8. Bxc3 d6 9. h3 Nxe4 10. Bd3 Nxc3
11. bxc3 a6 12. O-O Nf4 13. Kh2 O-O 14. Ng1 f5 15. Ne2 Nxg2 16. Kxg2 e4 17. Bc4 f4 18. f3 Bxh3+ 19. Kxh3 Rf5 20. Kg2 Qh4
21. Qe1 Rg5+ 22. Ng3 Rxg3+
0-1

[Event "Medium KO 1400-1900"]
[Site "SchemingMind.com"]
[Date "2007.01.05"]
[Round "-"]
[White "ekulrac"]
[Black "hanasdaddy"]
[Result "1-0"]
[WhiteCountry "SCO"]
[BlackCountry "ISR"]
[WhiteElo "1711"]
[WhiteRD "53"]
[BlackElo "1597"]
[BlackRD "75"]
[GameID "85386"]

1. e4 e5 2. Nf3 Nc6 3. Bb5 a6 4. Bxc6 dxc6 5. O-O Bd6 6. d3 Bg4 7. Be3 Bxf3 8. Qxf3 Qf6 9. Qe2 O-O-O 10. Nd2 Nh6
11. Nb3 Qe6 12. f3 f5 13. Bc5 Qe7 14. Qf2 Rhf8 15. Bxd6 Rxd6 16. Qa7 fxe4 17. Nc5
1-0

[Event "Medium KO 1400-1900"]
[Site "SchemingMind.com"]
[Date "2007.01.04"]
[Round "-"]
[White "hanasdaddy"]
[Black "ekulrac"]
[Result "1-0"]
[WhiteCountry "ISR"]
[BlackCountry "SCO"]
[WhiteElo "1597"]
[WhiteRD "75"]
[BlackElo "1711"]
[BlackRD "53"]
[GameID "85394"]

1. d4 d5 2. c4 e6 3. c5 Nf6 4. Bg5 Be7 5. Nf3 Ne4 6. Bxe7 Qxe7 7. e3 Nd7 8. Bd3 f5 9. O-O O-O 10. Nc3 Rf6
11. Rc1 c6 12. b4 Rh6 13. b5 Ndf6 14. Ne5 Bd7 15. bxc6 bxc6 16. f3 Nxc3 17. Rxc3 Be8 18. Rb3 g5 19. e4 f4 20. Qb1 Bh5
21. Nxc6 Qc7 22. Ne5 g4 23. fxg4 Bxg4 24. Rxf4 dxe4 25. Bxe4 Rf8 26. Rb7 Qa5 27. Nxg4 Qd2 28. Nxh6+
1-0

[Event "Medium KO 1400-1900"]
[Site "SchemingMind.com"]
[Date "2007.01.25"]
[Round "-"]
[White "Freidenker"]
[Black "loco61"]
[Result "1-0"]
[WhiteCountry "INT"]
[BlackCountry "ENG"]
[WhiteElo "1759"]
[WhiteRD "107"]
[BlackElo "1568"]
[BlackRD "58"]
[GameID "88564"]

1. Nf3 c5 2. c4 Nc6 3. g3 d5 4. cxd5 Qxd5 5. Bg2 Nf6 6. Nc3 Qd8 7. O-O e6 8. b3 b6 9. Ne5 Nxe5 10. Bxa8 Bd7
11. Bg2 Bd6 12. Bb2 O-O 13. Qc2 Bc6 14. Ne4 Nxe4 15. Bxe4 Bxe4 16. Qxe4 Ng6 17. d3 Qe7 18. a3 f5 19. Qc4 Ne5 20. Qc2 Ng4
21. h3 Nf6 22. Kg2 e5 23. f3 g5 24. e4 f4 25. g4 h5 26. Rac1 h4 27. Rfd1 Nd7 28. Qc4+ Kg7 29. a4 Nb8 30. b4 cxb4
31. d4 Nd7 32. dxe5 Bxe5 33. Bxe5+ Nxe5 34. Qd4 Kg6 35. Rb1 Rf6 36. Qxb4 Qxb4 37. Rxb4 Rc6 38. Rd2 Rc3 39. a5 Rc6 40. axb6 axb6
41. Rb3 Kf6 42. Rdb2 Nd7 43. Kf2 Ke5 44. Rb5+ Kf6 45. Rf5+ Kg6 46. Ke2 Nc5 47. Rc2 Rd6 48. Rd2 Rxd2+ 49. Kxd2 Nd7 50. e5 Nc5
51. Rf6+ Kg7 52. Rxb6 Kf7 53. Kc2 Ke7 54. Rg6 Ne6 55. Kd3 Kf7 56. Rf6+ Ke7 57. Ke4 Ng7 58. Kd5 Ne8 59. Re6+ Kd7 60. Rxe8 Kxe8
61. Ke6
1-0

[Event "Medium KO 1400-1900"]
[Site "SchemingMind.com"]
[Date "2007.01.25"]
[Round "-"]
[White "loco61"]
[Black "Freidenker"]
[Result "1/2-1/2"]
[WhiteCountry "ENG"]
[BlackCountry "INT"]
[WhiteElo "1584"]
[WhiteRD "58"]
[BlackElo "1784"]
[BlackRD "111"]
[GameID "88569"]

1. e4 c6 2. d4 d5 3. e5 c5 4. Nf3 Nc6 5. Be3 Bg4 6. Be2 Bxf3 7. Bxf3 cxd4 8. Bxd4 e6 9. O-O Nge7 10. Nc3 a6
11. Qd2 Nf5 12. Ne2 Nfxd4 13. Nxd4 Nxe5 14. Be2 Bc5 15. c3 O-O 16. b4 Bb6 17. a4 Bc7 18. a5 Qd7 19. f4 Nc6 20. Nxc6 bxc6
21. Rad1 f6 22. Rf3 e5 23. fxe5 fxe5 24. Rxf8+ Rxf8 25. Bxa6 Bxa5 26. bxa5 Qa7+ 27. Kh1 Qxa6 28. h3 Qxa5 29. Qe1 e4 30. Qe3 Qb5
31. Kg1 Rb8 32. Rf1 Rf8 33. Rxf8+ Kxf8 34. Qf4+ Kg8 35. Qe5 g6 36. Qe8+=
1/2-1/2

[Event "Medium KO 1400-1900"]
[Site "SchemingMind.com"]
[Date "2007.02.04"]
[Round "-"]
[White "spoke"]
[Black "philman97401"]
[Result "0-1"]
[WhiteCountry "GER"]
[BlackCountry "USA"]
[WhiteElo "1720"]
[WhiteRD "56"]
[BlackElo "1872"]
[BlackRD "117"]
[GameID "90305"]

1. e4 e5 2. Nf3 Nc6 3. Bc4 Nf6 4. Ng5 d5 5. exd5 Nd4 6. c3 b5 7. Bf1 Nxd5 8. cxd4 Qxg5 9. Bxb5+ Kd8 10. Qf3 Bb7
11. Qxf7 Nf6 12. f3 Bd5
0-1

[Event "Medium KO 1400-1900"]
[Site "SchemingMind.com"]
[Date "2007.02.04"]
[Round "-"]
[White "philman97401"]
[Black "spoke"]
[Result "1-0"]
[WhiteCountry "USA"]
[BlackCountry "GER"]
[WhiteElo "1899"]
[WhiteRD "115"]
[BlackElo "1752"]
[BlackRD "56"]
[GameID "90308"]

1. d4 d5 2. e4 e6 3. Be3 b6 4. Nd2 Ba6 5. c3 Bxf1 6. Nxf1 dxe4 7. f3 Nf6 8. Ng3 Bd6 9. Qc2 Bxg3+ 10. hxg3 exf3
11. gxf3 Nbd7 12. O-O-O Qe7 13. Nh3 O-O-O 14. Nf2 Nd5 15. Bd2 h5 16. c4 Nb4 17. Qa4 a5 18. a3 Nc6 19. Qxc6 Nb8 20. Qb5 Rxd4
21. Bg5 Rxd1+ 22. Rxd1 f6 23. Be3 g5 24. c5
1-0

[Event "Medium KO 1400-1900"]
[Site "SchemingMind.com"]
[Date "2007.03.08"]
[Round "-"]
[White "philman97401"]
[Black "ekulrac"]
[Result "1/2-1/2"]
[WhiteCountry "USA"]
[BlackCountry "SCO"]
[WhiteElo "1891"]
[WhiteRD "113"]
[BlackElo "1710"]
[BlackRD "52"]
[GameID "95494"]

1. d4 d5 2. e4 dxe4 3. Nc3 e5 4. Nxe4 exd4 5. Bb5+ Nc6 6. Ne2 Nf6 7. Nxf6+ Qxf6 8. Nxd4 Be7 9. O-O O-O 10. Bxc6 bxc6
11. Be3 c5 12. Nb3 Rb8 13. Nxc5 Bxc5 14. Bxc5 Rd8 15. Qe2 Qxb2 16. Rfe1 Bf5 17. Bxa7 Ra8 18. Rac1 h6 19. Qe3 Qxa2 20. Bd4 c6
21. Qe5 f6 22. Qxf5 Rxd4 23. h3 Qd5 24. Qe6+ Qxe6 25. Rxe6 Rc4 26. Re7 Rc3 27. Rb1=
1/2-1/2

[Event "Medium KO 1400-1900"]
[Site "SchemingMind.com"]
[Date "2007.03.08"]
[Round "-"]
[White "ekulrac"]
[Black "philman97401"]
[Result "1/2-1/2"]
[WhiteCountry "SCO"]
[BlackCountry "USA"]
[WhiteElo "1691"]
[WhiteRD "58"]
[BlackElo "1875"]
[BlackRD "113"]
[GameID "95503"]

1. e4 e5 2. Nf3 Nc6 3. Bb5 Bc5 4. d3 Nd4 5. Nxd4 exd4 6. O-O Qh4 7. f4 c6 8. Ba4 Ne7 9. Nd2 O-O 10. e5 Nf5
11. Nf3 Qh5 12. c3 b5 13. Bb3 a5 14. a4 b4 15. c4 d6 16. exd6 Bxd6 17. c5 Bxc5 18. Ne5 Qh6 19. Qf3 Ne3 20. Re1 Be6
21. Bxe6 fxe6 22. Bxe3 dxe3 23. Nd7 Bd4 24. Nxf8 Rxf8 25. Re2 e5 26. f5 Qf4 27. Qxc6 Qxf5 28. Qd5+ Kh8 29. Qe4 Qxe4=
1/2-1/2

[Event "Medium KO 1400-1900"]
[Site "SchemingMind.com"]
[Date "2007.04.16"]
[Round "-"]
[White "Freidenker"]
[Black "willygor"]
[Result "0-1"]
[WhiteCountry "INT"]
[BlackCountry "ARG"]
[WhiteElo "1761"]
[WhiteRD "107"]
[BlackElo "1800"]
[BlackRD "75"]
[GameID "101285"]

1. c4 e5 2. g3 Nf6 3. Bg2 c6 4. Nc3 Bb4 5. Nf3 d6 6. O-O O-O 7. Qb3 Ba5 8. d4 Bxc3 9. Qxc3 e4 10. Nd2 d5
11. b4 Bg4 12. Re1 Nbd7 13. a4 Qe7 14. b5 Rfe8 15. bxc6 bxc6 16. e3 Qe6 17. Ba3 Bh3 18. Bh1 Ng4 19. cxd5 cxd5 20. Rab1 Rac8
21. Qb3 Rb8 22. Qa2 Qf5 23. Nb3 Rb7 24. Nc5 Nxc5 25. Bxc5 Reb8 26. Rxb7 Rxb7 27. Rc1 h5 28. Qc2 Rc7 29. Rb1 g6 30. a5 g5
31. Qe2 Nf6 32. Bg2 Bg4 33. Rb8+ Kg7 34. Qa6 Bf3 35. Qd6 Rd7
0-1

[Event "Medium KO 1400-1900"]
[Site "SchemingMind.com"]
[Date "2007.04.16"]
[Round "-"]
[White "willygor"]
[Black "Freidenker"]
[Result "0-1"]
[WhiteCountry "ARG"]
[BlackCountry "INT"]
[WhiteElo "1800"]
[WhiteRD "75"]
[BlackElo "1761"]
[BlackRD "107"]
[GameID "101287"]

1. e4 e6 2. d4 d5 3. exd5 exd5 4. Nf3 Nf6 5. Be2 Be7 6. O-O O-O 7. Nc3 Nc6 8. a3 a6 9. Ne5 Re8 10. Bg5 Qd6
11. Bf4 Qd8 12. h3 Bd6 13. Nxc6 bxc6 14. Bh2 Bxh2+ 15. Kxh2 Qd6+ 16. Kg1 c5 17. dxc5 Qxc5 18. Bf3 c6 19. Ne2 a5 20. c3 a4
21. Re1 Bd7 22. Qd4 Qxd4 23. Nxd4 Rxe1+ 24. Rxe1 Rb8 25. b4 axb3 26. Rb1 b2 27. Kf1 c5 28. Nc2 Bf5 29. Bd1 Ne4 30. Ne3 Nd2+
0-1